[Event "FICGS rapid A 000202 email"]
[Site "FICGS email"]
[Date "2017.06.16"]
[Round "1"]
[White "Marriott, Peter"]
[Black "Sorbi, Luca"]
[Result "0-1"]
[WhiteElo "2000"]
[BlackElo "2039"]
[PlyCount "24"]
[EventDate "2017.??.??"]
[EventType "tourn (rapid)"]
[EventRounds "6"]
[SourceTitle "Corr 2022"]
[Source "ChessBase"]
[SourceDate "2021.10.24"]
[SourceVersion "1"]
[SourceVersionDate "2021.10.24"]
[SourceQuality "1"]

1. e4 e5 2. Nf3 Nf6 3. Nxe5 d6 4. Nf3 Nxe4 5. d4 d5 6. Bd3 Nc6 7. 0-0 Be7 8. Nbd2 Nxd2 9. Bxd2 Bg4 10. c3 0-0 11. h3 Bh5 12. Qe2 Qd7 0-1

[Event "FICGS rapid A 000153 email"]
[Site "FICGS email"]
[Date "2013.12.05"]
[Round "1"]
[White "Marriott, Peter"]
[Black "Sukhadolau, Dzmitry"]
[Result "1-0"]
[WhiteElo "1916"]
[BlackElo "2000"]
[PlyCount "69"]
[EventDate "2013.??.??"]
[EventType "tourn (rapid)"]
[EventRounds "6"]
[SourceTitle "Corr 2022"]
[Source "ChessBase"]
[SourceDate "2021.10.24"]
[SourceVersion "1"]
[SourceVersionDate "2021.10.24"]
[SourceQuality "1"]

1. e4 e5 2. Nf3 Nc6 3. Bb5 a6 4. Ba4 Nf6 5. 0-0 Nxe4 6. d4 b5 7. Bb3 d5 8. dxe5 Be6 9. Nbd2 Nc5 10. c3 Be7 11. Bc2 d4 12. Nb3 d3 13. Bb1 Nxb3 14. axb3 Bf5 15. Be3 0-0 16. Bd4 Qd5 17. Re1 d2 18. Re2 Bxb1 19. Rxb1 Nxd4 20. Nxd4 Bg5 21. g3 c5 22. Nf5 Qd3 23. Nd6 Qg6 24. h4 Bxh4 25. Rxd2 Be7 26. Ra1 f6 27. Qf3 fxe5 28. Qd5+ Kh8 29. Qxe5 Bg5 30. Rd5 Bf4 31. Qe4 Bxd6 32. Qxg6 hxg6 33. Rxd6 Rf6 34. Rd5 Kh7 35. Re1 1-0

[Event "Washington Class-ch A"]
[Site "Redmond"]
[Date "2012.11.24"]
[Round "4"]
[White "Marriott, Peter"]
[Black "Bonrud, Neal"]
[Result "1/2-1/2"]
[WhiteElo "1974"]
[BlackElo "1824"]
[PlyCount "69"]
[EventDate "2012.11.23"]
[EventType "swiss"]
[EventRounds "6"]
[EventCountry "USA"]
[SourceTitle "EXT 2017"]
[Source "ChessBase"]
[SourceDate "2016.10.25"]
[SourceVersion "1"]
[SourceVersionDate "2016.10.25"]
[SourceQuality "1"]

1. d4 d5 2. Nf3 Nf6 3. Bf4 c5 4. e3 Qb6 5. Nc3 a6 6. Rb1 e6 7. Be2 cxd4 8. Qxd4 Qxd4 9. exd4 Nbd7 10. 0-0 Be7 11. a4 b6 12. h3 Bb7 13. Bd3 Ne4 14. Bxe4 dxe4 15. Nd2 f5 16. Rfe1 Rc8 17. f3 Bf6 18. fxe4 Bxd4+ 19. Kh2 e5 20. exf5 0-0 21. Be3 Rxf5 22. Nde4 Bxe4 23. Nxe4 Rxc2 24. Rbd1 Nc5 25. Nd6 Rf8 26. Bxd4 exd4 27. Rxd4 Rxb2 28. Re7 h5 29. Rd5 g6 30. Ne8 Rf7 31. Re3 Rb3 32. Rxb3 Nxb3 33. Rd6 Kf8 34. Rxb6 Kxe8 35. Rxb3 1/2-1/2

[Event "FICGS class A 000126 email"]
[Site "FICGS email"]
[Date "2012.09.12"]
[Round "1"]
[White "Ba, Attila"]
[Black "Marriott, Peter"]
[Result "1-0"]
[WhiteElo "1955"]
[BlackElo "2004"]
[PlyCount "37"]
[EventDate "2012.??.??"]
[EventType "tourn (corr)"]
[EventRounds "6"]
[SourceTitle "Corr 2022"]
[Source "ChessBase"]
[SourceDate "2021.10.24"]
[SourceVersion "1"]
[SourceVersionDate "2021.10.24"]
[SourceQuality "1"]

1. Nf3 e6 2. c4 Nf6 3. g3 d5 4. Bg2 Be7 5. d4 0-0 6. 0-0 Nbd7 7. Qc2 h6 8. b3 b6 9. Nc3 Bb7 10. Rd1 c6 11. e4 dxe4 12. Ne5 Qc7 13. Nxd7 Qxd7 14. Nxe4 Rad8 15. Bb2 Qc7 16. Rac1 Nxe4 17. Qxe4 Rd7 18. d5 Rfd8 19. Re1 1-0

[Event "FICGS class C 000163 email"]
[Site "FICGS email"]
[Date "2011.11.29"]
[Round "1"]
[White "Marriott, Peter"]
[Black "Nig, Piotr"]
[Result "1-0"]
[WhiteElo "1943"]
[BlackElo "1800"]
[PlyCount "95"]
[EventDate "2011.??.??"]
[EventType "tourn (corr)"]
[EventRounds "1"]
[SourceTitle "Corr 2022"]
[Source "ChessBase"]
[SourceDate "2021.10.24"]
[SourceVersion "1"]
[SourceVersionDate "2021.10.24"]
[SourceQuality "1"]

1. d4 Nf6 2. c4 g6 3. Nc3 Bg7 4. e4 d6 5. Nf3 0-0 6. Be2 e5 7. 0-0 Nc6 8. d5 Ne7 9. Ne1 Nd7 10. Nd3 f5 11. f3 f4 12. Bd2 h5 13. Be1 g5 14. b4 Nf6 15. c5 Ng6 16. Rc1 Rf7 17. Bf2 g4 18. a4 Bd7 19. Qb3 h4 20. fxg4 Bxg4 21. Bxg4 Nxg4 22. Qd1 f3 23. gxf3 Nxf2 24. Nxf2 Qf8 25. cxd6 cxd6 26. Nb5 Qd8 27. Kh1 a6 28. Na3 Rc8 29. Ng4 Rfc7 30. Qd2 Nf4 31. Rc2 h3 32. Rg1 Kf7 33. b5 Bf8 34. Rb2 Ke8 35. bxa6 bxa6 36. Nc2 Rb8 37. Rxb8 Qxb8 38. Nd4 Rf7 39. Ne6 Qb3 40. Ne3 Nxe6 41. dxe6 Rc7 42. Qe2 Qxe6 43. Nd5 Rc6 44. Qe3 Qf7 45. f4 exf4 46. Qxh3 Kd8 47. Qh4+ Kc8 48. Rf1 1-0

[Event "FICGS class C 000163 email"]
[Site "FICGS email"]
[Date "2011.11.29"]
[Round "1"]
[White "Strohmeier, Josef"]
[Black "Marriott, Peter"]
[Result "0-1"]
[WhiteElo "1800"]
[BlackElo "1943"]
[PlyCount "20"]
[EventDate "2011.??.??"]
[EventType "tourn (corr)"]
[EventRounds "1"]
[SourceTitle "Corr 2022"]
[Source "ChessBase"]
[SourceDate "2021.10.24"]
[SourceVersion "1"]
[SourceVersionDate "2021.10.24"]
[SourceQuality "1"]

1. d4 Nf6 2. c4 e6 3. Nc3 Bb4 4. Qc2 0-0 5. a3 Bxc3+ 6. Qxc3 b6 7. Bg5 Bb7 8. f3 h6 9. Bh4 d5 10. cxd5 exd5 0-1

[Event "FICGS class A 000083 email"]
[Site "FICGS email"]
[Date "2010.12.01"]
[Round "1"]
[White "Lim, Steve"]
[Black "Marriott, Peter"]
[Result "1-0"]
[WhiteElo "2030"]
[BlackElo "2012"]
[PlyCount "31"]
[EventDate "2010.??.??"]
[EventType "tourn (corr)"]
[EventRounds "6"]
[SourceTitle "Corr 2022"]
[Source "ChessBase"]
[SourceDate "2021.10.24"]
[SourceVersion "1"]
[SourceVersionDate "2021.10.24"]
[SourceQuality "1"]

1. e4 c5 2. Nf3 e6 3. d4 cxd4 4. Nxd4 a6 5. Nc3 Qc7 6. Bd3 Nf6 7. f4 d6 8. Qf3 b5 9. Be3 Nbd7 10. a3 Bb7 11. g4 Nc5 12. g5 Nfd7 13. 0-0-0 Be7 14. Kb1 Rc8 15. f5 Ne5 16. Qh3 1-0

[Event "FICGS class A 000083 email"]
[Site "FICGS email"]
[Date "2010.12.01"]
[Round "1"]
[White "Marriott, Peter"]
[Black "Perikov, Yuriy"]
[Result "0-1"]
[WhiteElo "2012"]
[BlackElo "2028"]
[PlyCount "42"]
[EventDate "2010.??.??"]
[EventType "tourn (corr)"]
[EventRounds "6"]
[SourceTitle "Corr 2013"]
[Source "ChessBase"]
[SourceDate "2012.11.12"]
[SourceVersion "1"]
[SourceVersionDate "2012.11.12"]
[SourceQuality "1"]

1. e4 e5 2. Nf3 Nc6 3. Bb5 a6 4. Ba4 Nf6 5. 0-0 Be7 6. Re1 b5 7. Bb3 d6 8. c3 0-0 9. h3 Nb8 10. d4 Nbd7 11. Nbd2 Bb7 12. Bc2 c5 13. d5 c4 14. b3 cxb3 15. axb3 Qc7 16. Bb2 Rfc8 17. Qe2 Qb6 18. Nf1 a5 19. Ne3 g6 20. Nd2 Ba6 21. b4 a4 0-1

[Event "FICGS rapid A 000090 email"]
[Site "FICGS email"]
[Date "2010.09.27"]
[Round "1"]
[White "Germanes, Ramil"]
[Black "Marriott, Peter"]
[Result "1/2-1/2"]
[WhiteElo "1980"]
[BlackElo "1982"]
[PlyCount "50"]
[EventDate "2010.??.??"]
[EventType "tourn (rapid)"]
[EventRounds "6"]
[SourceTitle "Corr 2013"]
[Source "ChessBase"]
[SourceDate "2012.11.12"]
[SourceVersion "1"]
[SourceVersionDate "2012.11.12"]
[SourceQuality "1"]

1. d4 Nf6 2. c4 g6 3. Nc3 d5 4. cxd5 Nxd5 5. e4 Nxc3 6. bxc3 Bg7 7. Nf3 c5 8. Rb1 0-0 9. Be2 Nc6 10. d5 Bxc3+ 11. Bd2 Bxd2+ 12. Qxd2 Na5 13. h4 e6 14. d6 f6 15. e5 b6 16. Qh6 Rf7 17. Qe3 Nc6 18. h5 g5 19. exf6 Qxf6 20. Nxg5 Nd4 21. Bd3 Nf5 22. Bxf5 Qxf5 23. Rd1 Rg7 24. Nf3 Bb7 25. h6 Rg4 1/2-1/2

[Event "FICGS theme 0001 email"]
[Site "FICGS email"]
[Date "2010.09.18"]
[Round "1"]
[White "Marriott, Peter"]
[Black "Simmelink, Joop Theo"]
[Result "1-0"]
[WhiteElo "1816"]
[BlackElo "2175"]
[PlyCount "103"]
[EventDate "2010.??.??"]
[EventType "swiss (corr)"]
[EventRounds "1"]
[SourceTitle "Corr 2013"]
[Source "ChessBase"]
[SourceDate "2012.11.12"]
[SourceVersion "1"]
[SourceVersionDate "2012.11.12"]
[SourceQuality "1"]

1. e4 e5 2. f4 exf4 3. Nc3 Nc6 4. Nf3 g5 5. h3 Bg7 6. d4 d6 7. g3 g4 8. hxg4 Bxg4 9. Bb5 fxg3 10. Rg1 Bxf3 11. Qxf3 Bxd4 12. Rxg3 Qf6 13. Nd5 Qxf3 14. Rxf3 Rc8 15. Bf4 Be5 16. Bxe5 dxe5 17. 0-0-0 h5 18. Rdf1 a6 19. Bxc6+ bxc6 20. Nb4 f6 21. Nxa6 Kf7 22. a4 h4 23. Nc5 Rh6 24. a5 Ne7 25. Rh3 Ng6 26. Rfh1 Rh5 27. b4 Rch8 28. Rd3 Nf4 29. Rd7+ Kg6 30. Rxc7 h3 31. Kb2 Ne2 32. Rxc6 h2 33. a6 Ng3 34. Rd1 h1Q 35. Rxh1 Rxh1 36. b5 R1h4 37. b6 Nxe4 38. Nd7 R4h7 39. b7 Rxd7 40. Rc8 Nd6 41. Rxh8 Rxb7+ 42. axb7 Nxb7 43. Kc3 Nd6 44. Kb4 Nf7 45. Rh1 f5 46. c4 f4 47. c5 Nd8 48. Kc3 Nc6 49. Kd3 Kf5 50. Rh5+ Kg6 51. Rh8 Kf5 52. Rf8+ 1-0

[Event "FICGS class B 000110 email"]
[Site "FICGS email"]
[Date "2010.05.05"]
[Round "1"]
[White "Marriott, Peter"]
[Black "Cade, Stephen"]
[Result "1/2-1/2"]
[WhiteElo "1816"]
[BlackElo "1988"]
[PlyCount "103"]
[EventDate "2010.??.??"]
[EventType "tourn (corr)"]
[EventRounds "5"]
[SourceTitle "Corr 2022"]
[Source "ChessBase"]
[SourceDate "2021.10.24"]
[SourceVersion "1"]
[SourceVersionDate "2021.10.24"]
[SourceQuality "1"]

1. Nf3 d5 2. d4 Nf6 3. c4 e6 4. Nc3 c6 5. e3 Nbd7 6. Bd2 Bd6 7. Bd3 dxc4 8. Bxc4 b5 9. Bd3 Bb7 10. Rc1 Rc8 11. 0-0 0-0 12. a3 a5 13. Ne2 Re8 14. Ng3 e5 15. Ng5 h6 16. N5e4 Bf8 17. Nxf6+ Nxf6 18. Bf5 Ra8 19. dxe5 Rxe5 20. e4 Re8 21. Re1 c5 22. Bc3 b4 23. Qxd8 Rexd8 24. Bxf6 gxf6 25. Nh5 Be7 26. Nf4 Rd2 27. Red1 Rxb2 28. Rd7 Kf8 29. Rxb7 bxa3 30. Rxb2 axb2 31. Rb1 Rb8 32. Bd7 c4 33. Nd5 f5 34. f3 fxe4 35. fxe4 Bb4 36. Kf2 c3 37. Ba4 Rc8 38. Bc2 Bd6 39. Ke2 Bxh2 40. Kd3 Be5 41. Ba4 f6 42. Kc2 Kg7 43. Bb3 h5 44. Rh1 Rb8 45. Ba4 Kh6 46. Kb1 Rg8 47. Ne3 Kg5 48. Rh3 Rc8 49. Rf3 h4 50. Rf5+ Kg6 51. Rf3 Kh6 52. Ng4+ 1/2-1/2

[Event "FICGS class B 000110 email"]
[Site "FICGS email"]
[Date "2010.05.05"]
[Round "1"]
[White "Marriott, Peter"]
[Black "Nunez Ravelo, Antonio"]
[Result "1-0"]
[WhiteElo "1816"]
[BlackElo "1917"]
[PlyCount "41"]
[EventDate "2010.??.??"]
[EventType "tourn (corr)"]
[EventRounds "5"]
[SourceTitle "Corr 2013"]
[Source "ChessBase"]
[SourceDate "2012.11.12"]
[SourceVersion "1"]
[SourceVersionDate "2012.11.12"]
[SourceQuality "1"]

1. Nf3 Nf6 2. d4 d5 3. c4 c6 4. Nc3 e6 5. e3 Nbd7 6. Bd2 Bd6 7. Bd3 0-0 8. 0-0 a6 9. cxd5 exd5 10. Re1 Re8 11. Qc2 g6 12. h3 Nf8 13. Rac1 Be6 14. a3 N8d7 15. Ng5 Qb6 16. f4 Qd8 17. Rf1 Nh5 18. Nxe6 Rxe6 19. f5 Rf6 20. e4 Ng3 21. Rf2 1-0